000 00645nam a22001817a 4500
005 20260421094207.0
008 260421b |||||||| |||| 00| 0 eng d
020 _a978-81-203-4796-0
050 _aHD 30.213 .M57 2025
100 _aMISRA, HAREKRISHNA
245 _aINFORMATION SYSTEMS MANAGEMENT IN BUSINESS AND DEVELOPMENT ORGANIZATIONS TEXT AND CASES
250 _aEASTERN ECONOMY EDITION
260 _aDELHI
_bPHI LEARNING PRIVATE LIMITED
_c2025
300 _axii,396p.ill
500 _aINCLUDES BIBLIOGRAPHICAL REFERENCES AND INDEX
650 _aMANAGEMENT INFORMATION SYSTEMS 2. INFORMATION TECHNOLOGY MANAGEMENT
942 _2lcc
_cBK
999 _c217031
_d217031